000
00234nam a2200085Ia 4500
008
120527s9999 xx 000 0 und d
100
_a
LYDYARD,et al
245
_a
Pathology integrated an A-Z of diseases and its pathogenesis
942
_c
BK
999
_c
25742
_d
25742